000 00979cam a2200325 i 4500
001 009794307
003 EG-ScBUE
005 20250113104912.0
008 920923t1993 nju f b 001 | eng d
020 _a0691019339 (pbk.)
020 _a0691019339
020 _a9780691019338
040 _aDLC
_beng
_erda
_cDLC
_dUk
_dEG-ScBUE
082 0 4 _a523.1
_bPEE
_222
100 1 _aPeebles, P. J. E.,
_eauthor.
245 1 0 _aPrinciples of physical cosmology /
_cP. J. E. Peebles.
264 1 _aPrinceton :
_bPrinceton University Press,
_c[1993]
264 4 _cc1993
300 _a718 pages ;
_c24 cm.
336 _2rdacontent
_atext
_btxt
337 _aunmediated
_2rdamedia
_bn
338 _avolume
_bnc
_2rdacarrier
490 0 _aPrinceton series in physics
504 _aIncludes bibliographical references and index.
650 7 _aCosmology.
_2BUEsh
650 7 _aAstrophysics.
_2BUEsh
653 _bENGGEN
_cMarch2015
655 _vReading book
_934232
942 _2ddc
_cBB
999 _c19104
_d19076